000 01061nam a2200229Ii 4500
003 JO-AjNU
008 230605s9999||||xx |||||||||||||| ||und||
017 _a2019/7/3333
020 _a978-9957-92-213-9
040 _aJO-AjNU
_bara
_erda
_cJO-AjNU
041 _aara
050 1 4 _aLC3969.2020
100 3 _aتأليف Phillip D.Rumrill, Bryan G.Cook مؤلفون مشاركون, Anderw L.Wiley؛ ترجمة علياء جمال حمدي,
_eauthor
_960616
245 0 0 _aالبحث في التربية الخاصة: التصميمات والمناهج والتطبيقات=RESEARCH IN SPECIAL EDUCATION:DESIGENS,METHODS,AND APPLICATIONS
250 _aالطبعة الاولى
264 3 1 _aعمان: دار الفكر ناشرون وموزعون، 2020
300 _a286ص
_b ويحتوي على قائمة مراجع من ص269ص- 286ص
336 _atext
_btxt
_2rdacontent
337 _aunmediated
_bn
_2rdamedia
338 _avolume
_bnc
_2rdacarrier
650 4 _aالتربية الخاصة-طرق التدريس-المناهج-التربية
_960617
999 _aA27344
_c30912
_d30912